Word Ladder: To Kill a Mockingbird Quiz Stats

 Plays Quiz Updated Apr 5, 2015

Challenge
Share
Tweet
Embed
Score 0/18 Timer 02:00
3 Plays Today
Clue 5-Letter Word % Correct
Alabama or New Jersey, e.g.STATE
96.9%
Long, hard lookSTARE
96.5%
Sandy ocean areaBEACH
95.7%
Dish for diningPLATE
95.7%
Fruit with a pitPEACH
95.2%
To hit with one's fistPUNCH
94.4%
Ocean's edgeSHORE
94.4%
TranquilityPEACE
94.4%
Place for a sidelined playerBENCH
94.3%
Clue 5-Letter Word % Correct
To use something jointlySHARE
93.4%
Location or meeting sitePLACE
93.3%
Small in statureSHORT
93.3%
Shade of graySLATE
93.2%
Grip skin with the finger and thumbPINCH
92.8%
Group of peopleBUNCH
91.6%
Loud yell or crySHOUT
90.9%
Protagonist's last name OR small songbird►FINCH◄
88.9%
Protagonist's first name OR one sent out to obtain information►SCOUT◄
81.4%

Today's Daily Dose

You're not logged in!

Compare scores with friends on all Sporcle quizzes.
Join for Free
OR
Log In

You Might Also Like...

Show Comments

Extras

Top Quizzes Today


Score Distribution

Your Account Isn't Verified!

In order to create a playlist on Sporcle, you need to verify the email address you used during registration. Go to your Sporcle Settings to finish the process.

Report this User

Report this user for behavior that violates our Community Guidelines.

Details: